Secondary Schools in Singapore - Statistics

General Stats
  • This quiz has been taken 527 times
    45 since last reset
  • The average score is 36 of 145
Answer Stats
Answer % Correct
Raffles Institution
100%
Hwa Chong Institution
69%
Catholic High School
63%
Anglo-Chinese School (Independent)
60%
Kranji Secondary School
60%
Dunman High School
54%
Raffles Girls’ School
54%
Ang Mo Kio Secondary School
51%
Anglo-Chinese School (Barker Road)
49%
Woodlands Secondary School
49%
Crescent Girls’ School
46%
Admiralty Secondary School
43%
Ahmad Ibrahim Secondary School
43%
Methodist Girls’ School
43%
Punggol Secondary School
43%
River Valley High School
43%
Sengkang Secondary School
43%
Singapore Chinese Girls’ School
43%
Singapore Sports School
43%
Anglican High School
40%
Bartley Secondary School
40%
NUS High School of Mathematics and Science
40%
Tampines Secondary School
40%
Yishun Secondary School
40%
Hougang Secondary School
37%
Maris Stella High School
37%
National Junior College
37%
Outram Secondary School
37%
Pei Hwa Secondary School
37%
School of Science and Technology
37%
St. Andrew’s Secondary School
37%
St. Joseph’s Institution
37%
Bedok South Secondary School
34%
Chung Cheng High School (Main)
34%
Dunman Secondary School
34%
Nanyang Girls’ High School
34%
Pasir Ris Secondary School
34%
Presbyterian High School
34%
Queenstown Secondary School
34%
Tanjong Katong Girls’ School
34%
Anderson Secondary School
31%
Bendemeer Secondary School
31%
Bukit Panjang Government High School
31%
Choa Chu Kang Secondary School
31%
Jurong Secondary School
31%
Nan Chiau High School
31%
Paya Lebar Methodist Girls’ School
31%
Zhonghua Secondary School
31%
Chung Cheng High School (Yishun)
29%
East Spring Secondary School
29%
Holy Innocents’ High School
29%
Naval Base Secondary School
29%
School of the Arts, Singapore
29%
Victoria School
29%
Yishun Town Secondary School
29%
Beatty Secondary School
26%
Bedok Green Secondary School
26%
Bedok View Secondary School
26%
Commonwealth Secondary School
26%
Edgefield Secondary School
26%
Greenridge Secondary School
26%
Jurong West Secondary School
26%
Montfort Secondary School
26%
Nan Hua High School
26%
Sembawang Secondary School
26%
St. Gabriel’s Secondary School
26%
Tanjong Katong Secondary School
26%
Yio Chu Kang Secondary School
26%
Broadrick Secondary School
23%
Cedar Girls’ Secondary School
23%
Changkat Changi Secondary School
23%
Clementi Town Secondary School
23%
Damai Secondary School
23%
Marsiling Secondary School
23%
New Town Secondary School
23%
Ngee Ann Secondary School
23%
North Vista Secondary School
23%
Serangoon Secondary School
23%
St. Hilda’s Secondary School
23%
Temasek Junior College
23%
Yusof Ishak Secondary School
23%
Boon Lay Secondary School
20%
Bowen Secondary School
20%
Bukit Batok Secondary School
20%
CHIJ St. Nicholas Girls’ School
20%
Deyi Secondary School
20%
Hai Sing Catholic School
20%
Pasir Ris Crest Secondary School
20%
Serangoon Garden Secondary School
20%
Temasek Secondary School
20%
Assumption English School
17%
Bukit Merah Secondary School
17%
Canberra Secondary School
17%
Compassvale Secondary School
17%
Geylang Methodist School
17%
Junyuan Secondary School
17%
Mayflower Secondary School
17%
Queensway Secondary School
17%
West Spring Secondary School
17%
Dunearn Secondary School
14%
Hua Yi Secondary School
14%
Jurongville Secondary School
14%
Kent Ridge Secondary School
14%
Loyang View Secondary School
14%
Manjusri Secondary School
14%
Orchid Park Secondary School
14%
Peicai Secondary School
14%
Swiss Cottage Secondary School
14%
Whitley Secondary School
14%
Bukit View Secondary School
11%
CHIJ St. Theresa’s Convent
11%
Fairfield Methodist Secondary School
11%
Fuhua Secondary School
11%
Kuo Chuan Presbyterian Secondary School
11%
Northbrooks Secondary School
11%
Northland Secondary School
11%
St. Margaret’s Secondary School
11%
St. Patrick’s School
11%
Woodgrove Secondary School
11%
Woodlands Ring Secondary School
11%
Christ Church Secondary School
9%
Evergreen Secondary School
9%
Gan Eng Seng School
9%
Greendale Secondary School
9%
Guangyang Secondary School
9%
Hillgrove Secondary School
9%
Hong Kah Secondary School
9%
Juying Secondary School
9%
Peirce Secondary School
9%
Regent Secondary School
9%
Springfield Secondary School
9%
Xinmin Secondary School
9%
Yuhua Secondary School
9%
Zhenghua Secondary School
9%
CHIJ Katong Convent (Secondary)
6%
CHIJ St. Joseph’s Convent
6%
Ping Yi Secondary School
6%
Unity Secondary School
6%
Westwood Secondary School
6%
Yuying Secondary School
6%
CHIJ Secondary (Toa Payoh)
3%
Riverside Secondary School
3%
St. Anthony’s Canossian Secondary School
3%
Yuan Ching Secondary School
3%
Shuqun Secondary School
0%
No matching quizzes found
Score Distribution
Percent of People with Each Score
Percentile by Number Answered
Your Score History
You have not taken this quiz since the last reset